[Event "RUS-ch Blitz 2021"]
[Site "Sochi"]
[Date "2021.10.11"]
[Round "5.18"]
[White "Gavrilov, Oleg"]
[Black "Trushnikov, Sergey"]
[Result "0-1"]
[WhiteElo "2356"]
[BlackElo "2525"]
[Annotator "ChessBase"]
[PlyCount "116"]
[EventDate "2021.10.11"]
[EventType "blitz"]
[EventCountry "RUS"]
[SourceTitle "playchess.com"]
[Source "ChessBase"]
[SourceQuality "1"]
[TimeControl "180+2"]

1. d4 {[%emt 0:00:00]} g6 {[%emt 0:00:00]} 2. c4 {[%emt 0:00:08]} Bg7 {[%emt 0:
00:01]} 3. Nc3 {[%emt 0:00:00]} c5 {[%emt 0:00:00]} 4. d5 {[%emt 0:00:00]}
Bxc3+ {[%emt 0:00:00]} 5. bxc3 {[%emt 0:00:02]} f5 {[%emt 0:00:03]} 6. e4 {
[%emt 0:00:00]} fxe4 {[%emt 0:00:00]} 7. Qc2 {[%emt 0:00:00]} d6 {[%emt 0:00:
16]} 8. Ne2 {[%emt 0:00:12]} Nf6 {[%emt 0:00:05]} 9. Ng3 {[%emt 0:00:00]} Bf5 {
[%emt 0:00:09]} 10. Be2 {[%emt 0:00:18]} Nbd7 {[%emt 0:00:03]} 11. Nxf5 {
[%emt 0:00:08]} gxf5 {[%emt 0:00:00]} 12. O-O {[%emt 0:00:03]} Ne5 {[%emt 0:00:
21]} 13. Rb1 {[%emt 0:00:11]} b6 {[%emt 0:00:02]} 14. Bf4 {[%emt 0:00:04]} O-O
{[%emt 0:00:21]} 15. a4 {[%emt 0:01:09]} Qe8 {[%emt 0:00:10]} 16. a5 {[%emt 0:
00:04]} Rb8 {[%emt 0:00:00]} 17. axb6 {[%emt 0:00:00]} axb6 {[%emt 0:00:04]}
18. Bh6 {[%emt 0:00:11]} Rf7 {[%emt 0:00:07]} 19. h3 {[%emt 0:00:14]} Kh8 {
[%emt 0:00:01]} 20. Qd2 {[%emt 0:00:12]} Qg8 {[%emt 0:00:00]} 21. Kh1 {[%emt 0:
00:13]} Qg6 {[%emt 0:00:00]} 22. Qg5 {[%emt 0:00:13]} Ned7 {[%emt 0:00:41]} 23.
Ra1 {[%emt 0:00:01]} Rg8 {[%emt 0:00:00]} 24. Qxg6 {[%emt 0:00:02]} hxg6 {
[%emt 0:00:09]} 25. f4 {[%emt 0:00:20]} exf3 {[%emt 0:00:03]} 26. gxf3 {
[%emt 0:00:06]} g5 {[%emt 0:00:08]} 27. f4 {[%emt 0:00:00]} Ne4 {[%emt 0:00:13]
} 28. Kh2 {[%emt 0:00:03]} g4 {[%emt 0:00:22]} 29. hxg4 {[%emt 0:00:01]} fxg4 {
[%emt 0:00:00]} 30. Bg5 {[%emt 0:00:00]} Nxg5 {[%emt 0:00:17]} 31. fxg5 {
[%emt 0:00:00]} Rxf1 {[%emt 0:00:03]} 32. Rxf1 {[%emt 0:00:00]} Rxg5 {[%emt 0:
00:00]} 33. Kg3 {[%emt 0:00:04]} Kg7 {[%emt 0:00:00]} 34. Ra1 {[%emt 0:00:02]}
Re5 {[%emt 0:00:11]} 35. Bxg4 {[%emt 0:00:05]} Nf6 {[%emt 0:00:00]} 36. Bf3 {
[%emt 0:00:00]} Re3 {[%emt 0:00:02]} 37. Kf4 {[%emt 0:00:05]} Rxc3 {[%emt 0:00:
03]} 38. Ra4 {[%emt 0:00:00]} Nd7 {[%emt 0:00:02]} 39. Ra7 {[%emt 0:00:04]} Ne5
{[%emt 0:00:07]} 40. Be4 {[%emt 0:00:01]} Kf6 {[%emt 0:00:00]} 41. Ra8 {
[%emt 0:00:03]} Rxc4 {[%emt 0:00:02]} 42. Rf8+ {[%emt 0:00:00]} Kg7 {[%emt 0:
00:00]} 43. Re8 {[%emt 0:00:05]} Kf7 {[%emt 0:00:00]} 44. Rh8 {[%emt 0:00:00]}
b5 {[%emt 0:00:00]} 45. Rh7+ {[%emt 0:00:01]} Kf8 {[%emt 0:00:06]} 46. Kf5 {
[%emt 0:00:00]} b4 {[%emt 0:00:00]} 47. Rh8+ {[%emt 0:00:02]} Kg7 {[%emt 0:00:
04]} 48. Rb8 {[%emt 0:00:00]} Rc3 {[%emt 0:00:00]} 49. Ke6 {[%emt 0:00:04]} b3
{[%emt 0:00:03]} 50. Kxe7 {[%emt 0:00:00]} Nc4 {[%emt 0:00:01]} 51. Bf5 {
[%emt 0:00:05]} Re3+ {[%emt 0:00:03]} 52. Kd7 {[%emt 0:00:02]} b2 {[%emt 0:00:
00]} 53. Kc6 {[%emt 0:00:03]} Kf6 {[%emt 0:00:03]} 54. Bh7 {[%emt 0:00:02]} Ke5
{[%emt 0:00:02]} 55. Re8+ {[%emt 0:00:03]} Kd4 {[%emt 0:00:00]} 56. Rf8 {
[%emt 0:00:02]} Re1 {[%emt 0:00:02]} 57. Rf4+ {[%emt 0:00:02]} Kc3 {[%emt 0:00:
02]} 58. Rf3+ {[%emt 0:00:00]} Kb4 {[%emt 0:00:00]} 0-1

[Event "RUS-ch Blitz 2021"]
[Site "Sochi"]
[Date "2021.10.11"]
[Round "5.19"]
[White "Nozdrachev, Vladislav"]
[Black "Indzhiev, Aldar"]
[Result "1/2-1/2"]
[WhiteElo "2495"]
[BlackElo "2101"]
[Annotator "ChessBase"]
[PlyCount "66"]
[EventDate "2021.10.11"]
[EventType "blitz"]
[EventCountry "RUS"]
[SourceTitle "playchess.com"]
[Source "ChessBase"]
[SourceQuality "1"]
[TimeControl "180+2"]

1. e4 {[%emt 0:00:03]} c6 {[%emt 0:00:00]} 2. d4 {[%emt 0:00:01]} d5 {[%emt 0:
00:07]} 3. e5 {[%emt 0:00:01]} Bf5 {[%emt 0:00:00]} 4. Nf3 {[%emt 0:00:00]} e6
{[%emt 0:00:00]} 5. Be2 {[%emt 0:00:00]} Ne7 {[%emt 0:00:02]} 6. O-O {[%emt 0:
00:02]} Nd7 {[%emt 0:00:00]} 7. h3 {[%emt 0:00:11]} h6 {[%emt 0:00:04]} 8. a4 {
[%emt 0:00:05]} Bh7 {[%emt 0:00:11]} 9. a5 {[%emt 0:00:08]} a6 {[%emt 0:00:06]}
10. c4 {[%emt 0:00:22]} dxc4 {[%emt 0:00:26]} 11. Nbd2 {[%emt 0:00:07]} Nd5 {
[%emt 0:00:04]} 12. Nxc4 {[%emt 0:00:02]} Be7 {[%emt 0:00:06]} 13. Bd3 {
[%emt 0:00:08]} Bxd3 {[%emt 0:00:07]} 14. Qxd3 {[%emt 0:00:00]} O-O {[%emt 0:
00:09]} 15. Qe4 {[%emt 0:00:22]} c5 {[%emt 0:00:11]} 16. Rd1 {[%emt 0:00:05]}
cxd4 {[%emt 0:00:11]} 17. Nxd4 {[%emt 0:00:04]} Qc7 {[%emt 0:00:11]} 18. Nf5 {
[%emt 0:00:17]} exf5 {[%emt 0:00:33]} 19. Qxd5 {[%emt 0:00:00]} Rfd8 {[%emt 0:
00:00]} 20. Bf4 {[%emt 0:00:25]} Nf6 {[%emt 0:00:22]} 21. exf6 {[%emt 0:00:17]}
Qxf4 {[%emt 0:00:00]} 22. fxe7 {[%emt 0:00:33]} Rxd5 {[%emt 0:00:06]} 23. Rxd5
{[%emt 0:00:00]} Qc7 {[%emt 0:00:19]} 24. Nb6 {[%emt 0:00:04]} Re8 {[%emt 0:00:
06]} 25. Rd7 {[%emt 0:00:06]} Qe5 {[%emt 0:00:15]} 26. Nd5 {[%emt 0:00:05]} Kh7
{[%emt 0:00:00]} 27. Rd1 {[%emt 0:00:07]} Qe2 {[%emt 0:00:14]} 28. Nc3 {
[%emt 0:00:11]} Qxb2 {[%emt 0:00:01]} 29. Nd5 {[%emt 0:00:09]} Qe2 {[%emt 0:00:
07]} 30. Nf4 {[%emt 0:00:04]} Qe4 {[%emt 0:00:00]} 31. Nd5 {[%emt 0:00:02]} Qe2
{[%emt 0:00:01]} 32. Nf4 {[%emt 0:00:00]} Qe4 {[%emt 0:00:02]} 33. Nd5 {
[%emt 0:00:00]} Qe2 {[%emt 0:00:00]} 1/2-1/2

[Event "RUS-ch Blitz 2021"]
[Site "Sochi"]
[Date "2021.10.11"]
[Round "5.21"]
[White "Dudin, Gleb"]
[Black "Khegay, Dmitriy"]
[Result "1-0"]
[WhiteElo "2438"]
[BlackElo "2521"]
[Annotator "ChessBase"]
[PlyCount "134"]
[EventDate "2021.10.11"]
[EventType "blitz"]
[EventCountry "RUS"]
[SourceTitle "playchess.com"]
[Source "ChessBase"]
[SourceQuality "1"]
[TimeControl "180+2"]

1. d4 {[%emt 0:00:04]} d6 {[%emt 0:00:00]} 2. e4 {[%emt 0:00:00]} Nf6 {[%emt 0:
00:09]} 3. Nc3 {[%emt 0:00:01]} e5 {[%emt 0:00:00]} 4. Nf3 {[%emt 0:00:00]}
Nbd7 {[%emt 0:00:00]} 5. Bc4 {[%emt 0:00:00]} Be7 {[%emt 0:00:00]} 6. O-O {
[%emt 0:00:06]} O-O {[%emt 0:00:00]} 7. a4 {[%emt 0:00:08]} c6 {[%emt 0:00:00]}
8. h3 {[%emt 0:00:04]} a5 {[%emt 0:00:00]} 9. Re1 {[%emt 0:00:01]} Qc7 {
[%emt 0:00:08]} 10. Be3 {[%emt 0:00:04]} exd4 {[%emt 0:00:00]} 11. Nxd4 {
[%emt 0:00:13]} Ne5 {[%emt 0:00:00]} 12. Bb3 {[%emt 0:00:01]} Re8 {[%emt 0:00:
03]} 13. f4 {[%emt 0:00:19]} Ng6 {[%emt 0:00:00]} 14. Qf3 {[%emt 0:00:00]} Bd7
{[%emt 0:00:07]} 15. Rad1 {[%emt 0:00:06]} Rad8 {[%emt 0:00:00]} 16. Bf2 {
[%emt 0:00:27]} Bf8 {[%emt 0:00:16]} 17. g4 {[%emt 0:00:08]} h6 {[%emt 0:00:10]
} 18. Nf5 {[%emt 0:00:17]} Bc8 {[%emt 0:00:17]} 19. Kh1 {[%emt 0:00:09]} Be6 {
[%emt 0:00:22]} 20. Rg1 {[%emt 0:00:17]} d5 {[%emt 0:00:03]} 21. e5 {[%emt 0:
00:06]} Nd7 {[%emt 0:00:08]} 22. Nd4 {[%emt 0:00:11]} Ndxe5 {[%emt 0:00:09]}
23. fxe5 {[%emt 0:00:00]} Nxe5 {[%emt 0:00:02]} 24. Qg2 {[%emt 0:00:10]} Ng6 {
[%emt 0:00:02]} 25. Bg3 {[%emt 0:00:08]} Bd6 {[%emt 0:00:00]} 26. Nce2 {
[%emt 0:00:09]} Bc8 {[%emt 0:00:20]} 27. c3 {[%emt 0:00:00]} Qb6 {[%emt 0:00:
10]} 28. Bxd6 {[%emt 0:00:17]} Rxd6 {[%emt 0:00:00]} 29. Rgf1 {[%emt 0:00:00]}
Ne5 {[%emt 0:00:14]} 30. Ng3 {[%emt 0:00:04]} Rg6 {[%emt 0:00:24]} 31. Bc2 {
[%emt 0:00:00]} Rg5 {[%emt 0:00:03]} 32. Rde1 {[%emt 0:00:11]} Qd8 {[%emt 0:00:
00]} 33. Nf3 {[%emt 0:00:08]} Nxf3 {[%emt 0:00:06]} 34. Qxf3 {[%emt 0:00:00]}
f6 {[%emt 0:00:01]} 35. Qd3 {[%emt 0:00:00]} g6 {[%emt 0:00:09]} 36. Rxe8+ {
[%emt 0:00:07]} Qxe8 {[%emt 0:00:02]} 37. Rxf6 {[%emt 0:00:02]} Kg7 {[%emt 0:
00:04]} 38. Rf1 {[%emt 0:00:04]} h5 {[%emt 0:00:09]} 39. Nxh5+ {[%emt 0:00:06]}
Kh6 {[%emt 0:00:04]} 40. Ng3 {[%emt 0:00:03]} Qe7 {[%emt 0:00:05]} 41. Qf3 {
[%emt 0:00:04]} Kg7 {[%emt 0:00:03]} 42. Kg2 {[%emt 0:00:00]} Re5 {[%emt 0:00:
05]} 43. Rf2 {[%emt 0:00:08]} Bd7 {[%emt 0:00:01]} 44. Re2 {[%emt 0:00:01]} c5
{[%emt 0:00:08]} 45. Rxe5 {[%emt 0:00:03]} Qxe5 {[%emt 0:00:00]} 46. Qe2 {
[%emt 0:00:00]} Qd6 {[%emt 0:00:04]} 47. Qd3 {[%emt 0:00:02]} Bc6 {[%emt 0:00:
01]} 48. Kh2 {[%emt 0:00:06]} Qf6 {[%emt 0:00:00]} 49. Qe3 {[%emt 0:00:00]} d4
{[%emt 0:00:06]} 50. cxd4 {[%emt 0:00:02]} cxd4 {[%emt 0:00:00]} 51. Qe2 {
[%emt 0:00:00]} Qd6 {[%emt 0:00:04]} 52. Bd3 {[%emt 0:00:02]} Bxa4 {[%emt 0:00:
03]} 53. h4 {[%emt 0:00:05]} Bd7 {[%emt 0:00:09]} 54. Kh3 {[%emt 0:00:01]} a4 {
[%emt 0:00:04]} 55. h5 {[%emt 0:00:02]} gxh5 {[%emt 0:00:06]} 56. Nxh5+ {
[%emt 0:00:01]} Kg8 {[%emt 0:00:05]} 57. Qe4 {[%emt 0:00:04]} Qh6 {[%emt 0:00:
04]} 58. Qg6+ {[%emt 0:00:00]} Qxg6 {[%emt 0:00:01]} 59. Bxg6 {[%emt 0:00:01]}
Be6 {[%emt 0:00:02]} 60. Bc2 {[%emt 0:00:04]} b5 {[%emt 0:00:01]} 61. Nf4 {
[%emt 0:00:00]} Bd7 {[%emt 0:00:01]} 62. Ne2 {[%emt 0:00:03]} b4 {[%emt 0:00:
02]} 63. Nxd4 {[%emt 0:00:02]} Kg7 {[%emt 0:00:06]} 64. Kg3 {[%emt 0:00:00]} a3
{[%emt 0:00:02]} 65. bxa3 {[%emt 0:00:03]} bxa3 {[%emt 0:00:01]} 66. Bb3 {
[%emt 0:00:04]} Kg6 {[%emt 0:00:01]} 67. Kf4 {[%emt 0:00:01]} Kf6 {[%emt 0:00:
06]} 1-0

[Event "RUS-ch Blitz 2021"]
[Site "Sochi"]
[Date "2021.10.11"]
[Round "5.22"]
[White "Riazantsev, Alexander"]
[Black "Popov, Maksim"]
[Result "1-0"]
[WhiteElo "2634"]
[BlackElo "2179"]
[Annotator "ChessBase"]
[PlyCount "51"]
[EventDate "2021.10.11"]
[EventType "blitz"]
[EventCountry "RUS"]
[SourceTitle "playchess.com"]
[Source "ChessBase"]
[SourceQuality "1"]
[TimeControl "180+2"]

1. d4 {[%emt 0:00:00]} Nf6 {[%emt 0:00:00]} 2. Nf3 {[%emt 0:00:04]} e6 {
[%emt 0:00:02]} 3. c4 {[%emt 0:00:01]} d5 {[%emt 0:00:00]} 4. Bg5 {[%emt 0:00:
02]} Nbd7 {[%emt 0:00:11]} 5. e3 {[%emt 0:00:02]} c6 {[%emt 0:00:07]} 6. Nbd2 {
[%emt 0:00:11]} Bd6 {[%emt 0:00:25]} 7. Bd3 {[%emt 0:00:04]} h6 {[%emt 0:00:00]
} 8. Bh4 {[%emt 0:00:03]} O-O {[%emt 0:00:16]} 9. O-O {[%emt 0:00:00]} Qe7 {
[%emt 0:00:14]} 10. e4 {[%emt 0:00:10]} g5 {[%emt 0:00:47]} 11. Bg3 {[%emt 0:
00:33]} Bxg3 {[%emt 0:00:04]} 12. fxg3 {[%emt 0:00:02]} dxe4 {[%emt 0:00:02]}
13. Nxe4 {[%emt 0:00:01]} Nxe4 {[%emt 0:00:04]} 14. Bxe4 {[%emt 0:00:01]} f5 {
[%emt 0:00:07]} 15. Bc2 {[%emt 0:00:02]} e5 {[%emt 0:00:02]} 16. Nxe5 {[%emt 0:
00:25]} Nxe5 {[%emt 0:00:00]} 17. Re1 {[%emt 0:00:03]} Rd8 {[%emt 0:00:22]} 18.
Rxe5 {[%emt 0:00:07]} Qd6 {[%emt 0:00:00]} 19. c5 {[%emt 0:00:31]} Qxd4+ {
[%emt 0:00:24]} 20. Qxd4 {[%emt 0:00:00]} Rxd4 {[%emt 0:00:00]} 21. Re8+ {
[%emt 0:00:05]} Kf7 {[%emt 0:00:00]} 22. Rae1 {[%emt 0:00:00]} b6 {[%emt 0:00:
10]} 23. Bb3+ {[%emt 0:00:12]} Kg6 {[%emt 0:00:04]} 24. Rg8+ {[%emt 0:00:02]}
Kh5 {[%emt 0:00:13]} 25. h3 {[%emt 0:00:12]} Rd7 {[%emt 0:00:07]} 26. Bd1+ {
[%emt 0:00:09]} 1-0

[Event "RUS-ch Blitz 2021"]
[Site "Sochi"]
[Date "2021.10.11"]
[Round "5.23"]
[White "Pershin, Denis"]
[Black "Nesterov, Arseniy"]
[Result "1-0"]
[WhiteElo "2388"]
[BlackElo "2514"]
[Annotator "ChessBase"]
[PlyCount "159"]
[EventDate "2021.10.11"]
[EventType "blitz"]
[EventCountry "RUS"]
[SourceTitle "playchess.com"]
[Source "ChessBase"]
[SourceQuality "1"]
[TimeControl "180+2"]

1. d4 {[%emt 0:00:00]} d5 {[%emt 0:00:05]} 2. c4 {[%emt 0:00:03]} e6 {[%emt 0:
00:00]} 3. Nc3 {[%emt 0:00:07]} Nf6 {[%emt 0:00:00]} 4. cxd5 {[%emt 0:00:00]}
exd5 {[%emt 0:00:01]} 5. Bg5 {[%emt 0:00:00]} c6 {[%emt 0:00:05]} 6. Qc2 {
[%emt 0:00:00]} Be7 {[%emt 0:00:03]} 7. e3 {[%emt 0:00:01]} O-O {[%emt 0:00:00]
} 8. Bd3 {[%emt 0:00:06]} Nbd7 {[%emt 0:00:06]} 9. Nf3 {[%emt 0:00:00]} h6 {
[%emt 0:00:03]} 10. Bh4 {[%emt 0:00:05]} Re8 {[%emt 0:00:03]} 11. O-O {[%emt 0:
00:09]} Ne4 {[%emt 0:00:03]} 12. Bxe7 {[%emt 0:00:04]} Qxe7 {[%emt 0:00:00]}
13. Nd2 {[%emt 0:00:47]} Nd6 {[%emt 0:00:28]} 14. Rae1 {[%emt 0:00:02]} Nf8 {
[%emt 0:00:24]} 15. e4 {[%emt 0:00:22]} dxe4 {[%emt 0:00:04]} 16. Ndxe4 {
[%emt 0:00:00]} Be6 {[%emt 0:00:16]} 17. Nc5 {[%emt 0:00:08]} Qf6 {[%emt 0:00:
05]} 18. Nxe6 {[%emt 0:00:09]} Nxe6 {[%emt 0:00:07]} 19. d5 {[%emt 0:00:02]}
Nd4 {[%emt 0:00:17]} 20. Qd1 {[%emt 0:00:10]} c5 {[%emt 0:00:03]} 21. Rxe8+ {
[%emt 0:00:06]} Rxe8 {[%emt 0:00:05]} 22. Re1 {[%emt 0:00:00]} Rxe1+ {[%emt 0:
00:17]} 23. Qxe1 {[%emt 0:00:01]} g6 {[%emt 0:00:00]} 24. h3 {[%emt 0:00:08]}
h5 {[%emt 0:00:04]} 25. Qe3 {[%emt 0:00:01]} Kg7 {[%emt 0:00:08]} 26. Kf1 {
[%emt 0:00:00]} b6 {[%emt 0:00:03]} 27. Kg1 {[%emt 0:00:00]} b5 {[%emt 0:00:21]
} 28. a3 {[%emt 0:00:06]} a5 {[%emt 0:00:08]} 29. Qe1 {[%emt 0:01:08]} b4 {
[%emt 0:00:08]} 30. axb4 {[%emt 0:00:09]} axb4 {[%emt 0:00:10]} 31. Nd1 {
[%emt 0:00:00]} Qg5 {[%emt 0:00:08]} 32. Kf1 {[%emt 0:00:02]} Qxd5 {[%emt 0:00:
03]} 33. Ne3 {[%emt 0:00:05]} Qe6 {[%emt 0:00:00]} 34. Qd1 {[%emt 0:00:01]} Nc6
{[%emt 0:00:14]} 35. Qc2 {[%emt 0:00:02]} Ne5 {[%emt 0:00:03]} 36. Be2 {
[%emt 0:00:05]} c4 {[%emt 0:00:00]} 37. Qd2 {[%emt 0:00:01]} c3 {[%emt 0:00:03]
} 38. bxc3 {[%emt 0:00:05]} b3 {[%emt 0:00:00]} 39. c4 {[%emt 0:00:02]} Nd7 {
[%emt 0:00:10]} 40. Qb2+ {[%emt 0:00:00]} Qe5 {[%emt 0:00:00]} 41. Qxb3 {
[%emt 0:00:00]} Nc5 {[%emt 0:00:02]} 42. Qd1 {[%emt 0:00:00]} Nde4 {[%emt 0:00:
00]} 43. Kg1 {[%emt 0:00:06]} Qf6 {[%emt 0:00:00]} 44. Qe1 {[%emt 0:00:02]} Qd4
{[%emt 0:00:04]} 45. Bf3 {[%emt 0:00:01]} Nd2 {[%emt 0:00:02]} 46. Bxh5 {
[%emt 0:00:02]} Nde4 {[%emt 0:00:03]} 47. Bf3 {[%emt 0:00:00]} Nf6 {[%emt 0:00:
05]} 48. Qd1 {[%emt 0:00:04]} Qc3 {[%emt 0:00:00]} 49. Be2 {[%emt 0:00:03]}
Nfe4 {[%emt 0:00:01]} 50. Nd5 {[%emt 0:00:01]} Qe5 {[%emt 0:00:03]} 51. Bf3 {
[%emt 0:00:02]} Nd6 {[%emt 0:00:04]} 52. Qe2 {[%emt 0:00:00]} Qa1+ {[%emt 0:00:
00]} 53. Kh2 {[%emt 0:00:02]} Qd4 {[%emt 0:00:02]} 54. Ne3 {[%emt 0:00:04]}
Qe5+ {[%emt 0:00:00]} 55. Kg1 {[%emt 0:00:02]} Qa1+ {[%emt 0:00:02]} 56. Qd1 {
[%emt 0:00:02]} Qe5 {[%emt 0:00:03]} 57. Qd5 {[%emt 0:00:02]} Qxd5 {[%emt 0:00:
03]} 58. Bxd5 {[%emt 0:00:01]} Kf6 {[%emt 0:00:01]} 59. Ng4+ {[%emt 0:00:02]}
Kg5 {[%emt 0:00:01]} 60. g3 {[%emt 0:00:02]} f5 {[%emt 0:00:03]} 61. Ne5 {
[%emt 0:00:04]} Kf6 {[%emt 0:00:00]} 62. Nf3 {[%emt 0:00:01]} Nb3 {[%emt 0:00:
03]} 63. h4 {[%emt 0:00:02]} Nc8 {[%emt 0:00:02]} 64. Kg2 {[%emt 0:00:02]} Nb6
{[%emt 0:00:00]} 65. Bg8 {[%emt 0:00:03]} Kg7 {[%emt 0:00:03]} 66. Bd5 {
[%emt 0:00:00]} Kf6 {[%emt 0:00:00]} 67. Kf1 {[%emt 0:00:04]} Na5 {[%emt 0:00:
01]} 68. Nd2 {[%emt 0:00:03]} Ke5 {[%emt 0:00:02]} 69. f4+ {[%emt 0:00:01]} Kf6
{[%emt 0:00:03]} 70. Ke2 {[%emt 0:00:02]} Nd7 {[%emt 0:00:04]} 71. Kd3 {
[%emt 0:00:01]} Nc5+ {[%emt 0:00:02]} 72. Kd4 {[%emt 0:00:02]} Nd7 {[%emt 0:00:
03]} 73. c5 {[%emt 0:00:01]} Ke7 {[%emt 0:00:02]} 74. Nb3 {[%emt 0:00:03]}
Nxb3+ {[%emt 0:00:01]} 75. Bxb3 {[%emt 0:00:01]} Nf6 {[%emt 0:00:00]} 76. Bd1 {
[%emt 0:00:06]} Ne4 {[%emt 0:00:00]} 77. g4 {[%emt 0:00:02]} Nf2 {[%emt 0:00:
01]} 78. gxf5 {[%emt 0:00:00]} gxf5 {[%emt 0:00:02]} 79. Bf3 {[%emt 0:00:01]}
Nh3 {[%emt 0:00:03]} 80. Ke5 {[%emt 0:00:01]} 1-0

[Event "RUS-ch Blitz 2021"]
[Site "Sochi"]
[Date "2021.10.11"]
[Round "5.24"]
[White "Grebnev, Aleksey"]
[Black "Makarian, Rudik"]
[Result "0-1"]
[WhiteElo "2469"]
[BlackElo "2470"]
[Annotator "ChessBase"]
[PlyCount "74"]
[EventDate "2021.10.11"]
[EventType "blitz"]
[EventCountry "RUS"]
[SourceTitle "playchess.com"]
[Source "ChessBase"]
[SourceQuality "1"]
[TimeControl "180+2"]

1. d4 {[%emt 0:00:06]} Nf6 {[%emt 0:00:00]} 2. Bf4 {[%emt 0:00:00]} c5 {
[%emt 0:00:00]} 3. e3 {[%emt 0:00:05]} Nd5 {[%emt 0:00:00]} 4. Bg3 {[%emt 0:00:
00]} Qb6 {[%emt 0:00:00]} 5. Nc3 {[%emt 0:00:00]} Nxc3 {[%emt 0:00:09]} 6. bxc3
{[%emt 0:00:00]} d6 {[%emt 0:00:00]} 7. Bd3 {[%emt 0:00:01]} Nc6 {[%emt 0:00:
11]} 8. Nf3 {[%emt 0:00:00]} g6 {[%emt 0:00:01]} 9. O-O {[%emt 0:00:09]} Bg7 {
[%emt 0:00:00]} 10. Qd2 {[%emt 0:00:08]} O-O {[%emt 0:00:05]} 11. Rab1 {
[%emt 0:00:20]} Qd8 {[%emt 0:00:00]} 12. h3 {[%emt 0:00:08]} b6 {[%emt 0:00:07]
} 13. d5 {[%emt 0:00:09]} Na5 {[%emt 0:00:08]} 14. Rfe1 {[%emt 0:00:16]} e5 {
[%emt 0:00:15]} 15. e4 {[%emt 0:00:23]} f5 {[%emt 0:00:39]} 16. c4 {[%emt 0:00:
12]} f4 {[%emt 0:00:05]} 17. Bh2 {[%emt 0:00:00]} g5 {[%emt 0:00:12]} 18. Qe2 {
[%emt 0:00:08]} h5 {[%emt 0:00:08]} 19. Nd2 {[%emt 0:00:08]} g4 {[%emt 0:00:00]
} 20. Nb3 {[%emt 0:00:23]} Nb7 {[%emt 0:00:10]} 21. Kh1 {[%emt 0:00:44]} Rf6 {
[%emt 0:00:09]} 22. f3 {[%emt 0:00:07]} Rg6 {[%emt 0:00:19]} 23. Qd2 {[%emt 0:
00:13]} Qh4 {[%emt 0:00:40]} 24. Bf1 {[%emt 0:00:04]} Bd7 {[%emt 0:00:09]} 25.
Qe2 {[%emt 0:00:01]} Bf6 {[%emt 0:00:04]} 26. Red1 {[%emt 0:00:06]} Kf7 {
[%emt 0:00:10]} 27. Bg1 {[%emt 0:00:03]} gxh3 {[%emt 0:00:06]} 28. gxh3 {
[%emt 0:00:00]} Rxg1+ {[%emt 0:00:07]} 29. Kxg1 {[%emt 0:00:00]} Rg8+ {[%emt 0:
00:00]} 30. Kh1 {[%emt 0:00:00]} Rg3 {[%emt 0:00:03]} 31. Qh2 {[%emt 0:00:06]}
Rxf3 {[%emt 0:00:00]} 32. Rd2 {[%emt 0:00:02]} Re3 {[%emt 0:00:05]} 33. Rf2 {
[%emt 0:00:03]} Rxe4 {[%emt 0:00:00]} 34. Nd2 {[%emt 0:00:00]} Re3 {[%emt 0:00:
02]} 35. Bg2 {[%emt 0:00:03]} Qxf2 {[%emt 0:00:00]} 36. Ne4 {[%emt 0:00:02]}
Qxc2 {[%emt 0:00:07]} 37. Rg1 {[%emt 0:00:00]} Rxe4 {[%emt 0:00:01]} 0-1

[Event "RUS-ch Blitz 2021"]
[Site "Sochi"]
[Date "2021.10.11"]
[Round "6.1"]
[White "Timofeev, Artyom"]
[Black "Artemiev, Vladislav"]
[Result "1/2-1/2"]
[WhiteElo "2586"]
[BlackElo "2699"]
[Annotator "TA"]
[PlyCount "39"]
[EventDate "2021.10.11"]
[EventType "blitz"]
[EventCountry "RUS"]
[SourceTitle "playchess.com"]
[Source "ChessBase"]
[SourceQuality "1"]

{[%evp 9,39,-19,-11,-20,-8,-8,-17,-15,-26,-18,-19,-54,-12,-18,-16,-21,9,10,9,
19,4,6,4,5,20,26,29,0,42,40,45,42]} 1. c4 e5 2. d3 Nf6 3. Nc3 Bb4 4. Bd2 O-O 5.
Nf3 Re8 6. e4 {A22: English Opening: 1...e5 2 Nc3 Nf6.} c6 7. Be2 d5 8. cxd5 {
The position is equal.} cxd5 9. O-O Nc6 {[%cal Bb8c6,Bc6e5,Be5d3][%mdl 32]} 10.
a3 {[#]} Bxc3 $146 ({Predecessor:} 10... Be7 11. Rc1 h6 12. Nxd5 Nxd5 13. exd5
Qxd5 14. Bc3 Bf5 15. d4 e4 16. Ne5 Nxe5 17. dxe5 {0-1 (64) Stuart,P-Laird,C
Wellington 1978}) 11. Bxc3 Bg4 12. h3 Bh5 {[#]} 13. Nxe5 $1 Nxe5 14. Bxh5 d4
15. Bd2 {Threatening Bg5.} Nxh5 ({Much weaker is} 15... Nxd3 $6 {[#]} 16. Bxf7+
$1 Kxf7 17. Qb3+ Re6 18. Qxd3 $16) 16. Qxh5 {With the idea f4.} Nxd3 17. Qb5
Ne5 18. Rad1 Qb6 19. Qxb6 axb6 20. Bf4 {Weighted Error Value: White=0.05/
Black=0.13} 1/2-1/2

[Event "RUS-ch Blitz 2021"]
[Site "Sochi"]
[Date "2021.10.11"]
[Round "6.2"]
[White "Dreev, Aleksey"]
[Black "Sakaev, Konstantin"]
[Result "1/2-1/2"]
[WhiteElo "2635"]
[BlackElo "2603"]
[Annotator "ChessBase"]
[PlyCount "48"]
[EventDate "2021.10.11"]
[EventType "blitz"]
[EventCountry "RUS"]
[SourceTitle "playchess.com"]
[Source "ChessBase"]
[SourceQuality "1"]
[TimeControl "180+2"]

1. d4 {[%emt 0:00:00]} d5 {[%emt 0:00:05]} 2. c4 {[%emt 0:00:01]} c6 {[%emt 0:
00:00]} 3. Nf3 {[%emt 0:00:14]} Nf6 {[%emt 0:00:00]} 4. Qc2 {[%emt 0:00:00]}
dxc4 {[%emt 0:00:04]} 5. Qxc4 {[%emt 0:00:02]} Bf5 {[%emt 0:00:00]} 6. g3 {
[%emt 0:00:05]} e6 {[%emt 0:00:02]} 7. Bg2 {[%emt 0:00:02]} Be7 {[%emt 0:00:03]
} 8. O-O {[%emt 0:00:01]} O-O {[%emt 0:00:11]} 9. e3 {[%emt 0:00:04]} Nbd7 {
[%emt 0:00:00]} 10. Nc3 {[%emt 0:00:06]} Bg6 {[%emt 0:00:14]} 11. Rd1 {[%emt 0:
00:05]} Qc7 {[%emt 0:00:01]} 12. b3 {[%emt 0:00:41]} Rac8 {[%emt 0:00:28]} 13.
Bb2 {[%emt 0:00:06]} Nd5 {[%emt 0:00:34]} 14. Qe2 {[%emt 0:00:14]} Nxc3 {
[%emt 0:00:06]} 15. Bxc3 {[%emt 0:00:00]} c5 {[%emt 0:00:02]} 16. d5 {[%emt 0:
00:31]} exd5 {[%emt 0:00:04]} 17. Rxd5 {[%emt 0:00:01]} Bf6 {[%emt 0:00:02]}
18. Rad1 {[%emt 0:00:16]} Rcd8 {[%emt 0:00:37]} 19. Bxf6 {[%emt 0:00:25]} Nxf6
{[%emt 0:00:01]} 20. Rxd8 {[%emt 0:00:03]} Rxd8 {[%emt 0:00:00]} 21. Rxd8+ {
[%emt 0:00:00]} Qxd8 {[%emt 0:00:00]} 22. Ne5 {[%emt 0:00:05]} Qc7 {[%emt 0:00:
18]} 23. Nxg6 {[%emt 0:00:14]} hxg6 {[%emt 0:00:00]} 24. Qd3 {[%emt 0:00:12]}
Qd8 {[%emt 0:00:03]} 1/2-1/2